000 00636cam a22001935a 4500
001 L157231
008 121002s1874 xxk f 000 0 eng d
035 _a(Sirsi) u157231
041 0 _aeng
245 0 0 _aPetre versus the Corporation of Blackburn
_bminutes of proceedings
260 _a[S.l.]
_b[s.n.]
_c1874
300 _a2 v.
_c33 cm.
520 _aMinutes of an arbitration held at the Mitre Hotel, Manchester in January 1874
583 _aCondition reviewed
_c20121002
_lcondition level 4 and 2
650 2 4 _aBLACKBURN CORPORATION IMPROVEMENT ACT 1870
651 4 _aEngland
690 _aDispute resolution
_96236
942 _n0
999 _c114662
_d114662